000 00613nam a2200181 i 4500
001 90101
003 ES-MaACL
005 20230906180340.0
007 t|
008 050118s1966 mx ||||1| spa d
100 1 _aLefebvre, Georges.
_971224
245 1 3 _aLa Revolución francesa y el Imperio
_b: (1787-1815) /
_cpor Georges Lefebvre ; [traducción de Mª Teresa Silva de Salazar].
250 _a[2ª ed.].
260 _aMéxico :
_bFondo de Cultura Económica de México,
_c1966.
300 _a294 p. ;
_c17 cm.
700 1 _aSilva de Salazar, María Teresa.
_9106394
852 _aES-MaACL
_jC-34887
_bR.67419
999 _c90101
_d90101